[Event "GBR-ch blitz (Women)"]
[Site "Birmingham"]
[Date "2019.11.16"]
[Round "8"]
[White "Toma, Katarzyna"]
[Black "Arora, Prachi"]
[Result "1-0"]
[WhiteElo "2210"]
[BlackElo "1577"]
[PlyCount "30"]
[EventDate "2019.11.16"]
[EventType "tourn (blitz)"]
[EventRounds "15"]
[EventCountry "ENG"]
[SourceTitle "BritBase"]
[Source "John Saunders"]
[SourceDate "2024.03.28"]
[SourceVersion "1"]
[SourceVersionDate "2024.03.28"]
[SourceQuality "1"]

1. e4 e5 2. Nf3 Nc6 3. Bb5 Nf6 4. Qe2 Bc5 5. c3 O-O 6. O-O Re8 7. d3 d5 8. h3
d4 9. Bxc6 bxc6 10. cxd4 exd4 11. Qc2 Bb6 12. Qxc6 Nh5 13. Qxa8 Nf6 14. Bg5 c5
15. Qc6 Bd7 1-0

[Event "GBR-ch blitz (Women)"]
[Site "Birmingham"]
[Date "2019.11.16"]
[Round "9"]
[White "Arakhamia-Grant, Ketevan"]
[Black "Posadas, Rayelynn"]
[Result "1-0"]
[WhiteElo "2218"]
[BlackElo "1815"]
[PlyCount "47"]
[EventDate "2019.11.16"]
[EventType "tourn (blitz)"]
[EventRounds "15"]
[EventCountry "ENG"]
[SourceTitle "BritBase"]
[Source "John Saunders"]
[SourceDate "2024.03.28"]
[SourceVersion "1"]
[SourceVersionDate "2024.03.28"]
[SourceQuality "1"]

1. e4 e5 2. Nf3 Nc6 3. Bb5 Bc5 4. c3 a6 5. Ba4 b5 6. Bb3 Nf6 7. d3 h6 8. Nbd2
O-O 9. h3 d6 10. O-O Ne7 11. d4 exd4 12. cxd4 Bb6 13. Re1 Bb7 14. e5 Nfd5 15.
Ne4 Ng6 16. Bxh6 gxh6 17. Bxd5 Bxd5 18. Nf6+ Kg7 19. Nxd5 Re8 20. Rc1 Re6 21.
Nxb6 cxb6 22. d5 Re8 23. e6 Re7 24. Nd4 1-0

[Event "GBR-ch blitz (Women)"]
[Site "Birmingham"]
[Date "2019.11.16"]
[Round "9"]
[White "Arora, Prachi"]
[Black "Somton, Anita"]
[Result "0-1"]
[WhiteElo "1577"]
[BlackElo "1593"]
[PlyCount "58"]
[EventDate "2019.11.16"]
[EventType "tourn (blitz)"]
[EventRounds "15"]
[EventCountry "ENG"]
[SourceTitle "BritBase"]
[Source "John Saunders"]
[SourceDate "2024.03.28"]
[SourceVersion "1"]
[SourceVersionDate "2024.03.28"]
[SourceQuality "1"]

1. e4 c6 2. Nf3 d5 3. exd5 cxd5 4. Nc3 Nf6 5. d4 Nc6 6. Bb5 a6 7. Bxc6+ bxc6 8.
Bg5 e6 9. Ne5 Bb7 10. O-O Be7 11. Bxf6 Bxf6 12. Na4 Be7 13. Qf3 O-O 14. Qg3 a5
15. Rfe1 Rc8 16. Re3 Bd6 17. Nc5 Qc7 18. Qg4 Bxc5 19. dxc5 Rce8 20. Rae1 f6 21.
Ng6 hxg6 22. Qxg6 Qf7 23. Qxf7+ Kxf7 24. Rg3 e5 25. Ree3 d4 26. Ref3 e4 27. Rf4
Bc8 28. f3 e3 29. Re4 Bf5 0-1

[Event "GBR-ch blitz (Women)"]
[Site "Birmingham"]
[Date "2019.11.16"]
[Round "9"]
[White "Gamal, Alaa"]
[Black "Milewska, Agnieszka"]
[Result "0-1"]
[WhiteElo "1709"]
[BlackElo "1677"]
[PlyCount "134"]
[EventDate "2019.11.16"]
[EventType "tourn (blitz)"]
[EventRounds "15"]
[EventCountry "ENG"]
[SourceTitle "BritBase"]
[Source "John Saunders"]
[SourceDate "2024.03.28"]
[SourceVersion "1"]
[SourceVersionDate "2024.03.28"]
[SourceQuality "1"]

1. c4 e5 2. g3 c6 3. Bg2 d5 4. cxd5 cxd5 5. d4 exd4 6. Qxd4 Nf6 7. Bg5 Nc6 8.
Qd1 Bb4+ 9. Nd2 Be6 10. a3 Ba5 11. b4 Bb6 12. Ngf3 h6 13. Bxf6 Qxf6 14. O-O O-O
15. Rc1 Rac8 16. Nb3 Rfd8 17. e3 Bg4 18. h3 Bh5 19. g4 Bg6 20. Nfd4 Nxd4 21.
Rxc8 Rxc8 22. Nxd4 Bxd4 23. exd4 Rc4 24. Re1 Qxd4 25. Bxd5 Qxd1 26. Rxd1 Rc7
27. Bb3 b6 28. Rd8+ Kh7 29. Rd2 Rc3 30. Bd1 Rxh3 31. Kg2 Rxa3 32. Rd7 a5 33.
bxa5 bxa5 34. Ra7 Ra1 35. Bf3 a4 36. Bd5 a3 37. Kg3 Rd1 38. Bb3 Rd3+ 39. Kg2
Rxb3 40. Kf1 Bd3+ 41. Ke1 Rb1+ 42. Kd2 Bg6 43. Rxa3 Rb2+ 44. Ke3 h5 45. g5 Rb5
46. f4 h4 47. Ra1 Rb3+ 48. Kd4 Rf3 49. Ke5 Re3+ 50. Kd4 Re4+ 51. Kd5 Rxf4 52.
Rh1 Rg4 53. Rh2 Rxg5+ 54. Kd4 Rg4+ 55. Ke3 f5 56. Rh3 Rg3+ 57. Rxg3 hxg3 58.
Kf4 g2 59. Kf3 g1=Q 60. Kf4 Qg4+ 61. Ke5 Qe4+ 62. Kd6 Bf7 63. Kc5 Qd3 64. Kb4
Qc2 65. Kb5 Qc3 66. Kb6 f4 67. Kb7 f3 0-1

[Event "GBR-ch blitz (Women)"]
[Site "Birmingham"]
[Date "2019.11.16"]
[Round "9"]
[White "Jina, Asha"]
[Black "Orlovska, Madara"]
[Result "0-1"]
[WhiteElo "1510"]
[BlackElo "2094"]
[PlyCount "66"]
[EventDate "2019.11.16"]
[EventType "tourn (blitz)"]
[EventRounds "15"]
[EventCountry "ENG"]
[SourceTitle "BritBase"]
[Source "John Saunders"]
[SourceDate "2024.03.28"]
[SourceVersion "1"]
[SourceVersionDate "2024.03.28"]
[SourceQuality "1"]

1. e4 c5 2. Nc3 a6 3. f4 Nc6 4. Nf3 d6 5. Be2 b5 6. d3 b4 7. Nd5 e6 8. Ne3 Bb7
9. O-O Qc7 10. Qe1 O-O-O 11. c3 a5 12. cxb4 cxb4 13. Bd2 Kb8 14. Rc1 Qb6 15.
Kh1 d5 16. a3 b3 17. a4 Nf6 18. e5 Nd7 19. Bd1 Bc5 20. Rc3 Qa7 21. Rxb3 f6 22.
exf6 gxf6 23. Ng4 h5 24. Qxe6 hxg4 25. Qxc6 gxf3 26. Bxf3 Ka8 27. Qb5 Bb6 28.
Bxd5 Bxd5 29. Qxd5+ Qb7 30. Qb5 Rxh2+ 31. Kxh2 Rh8+ 32. Kg3 Rg8+ 33. Kh2 Qxg2#
0-1

[Event "GBR-ch blitz (Women)"]
[Site "Birmingham"]
[Date "2019.11.16"]
[Round "9"]
[White "Mirza, Diana"]
[Black "Toma, Katarzyna"]
[Result "0-1"]
[WhiteElo "1772"]
[BlackElo "2210"]
[PlyCount "78"]
[EventDate "2019.11.16"]
[EventType "tourn (blitz)"]
[EventRounds "15"]
[EventCountry "ENG"]
[SourceTitle "BritBase"]
[Source "John Saunders"]
[SourceDate "2024.03.28"]
[SourceVersion "1"]
[SourceVersionDate "2024.03.28"]
[SourceQuality "1"]

1. d4 Nf6 2. Nf3 g6 3. Nbd2 d5 4. e3 Bg7 5. b4 a5 6. c3 Qd6 7. b5 c6 8. a4 cxb5
9. axb5 O-O 10. Ba3 Qc7 11. Qb3 Be6 12. Bd3 h6 13. O-O Rc8 14. Rfc1 Qd8 15. Ne5
Nbd7 16. Ndf3 Nb6 17. c4 dxc4 18. Nxc4 Ne8 19. Rc3 Nd6 20. Rac1 Ndxc4 21. Bxc4
Nxc4 22. Rxc4 Bxc4 23. Rxc4 Rxc4 24. Qxc4 Rc8 25. Qe2 e6 26. h3 Qd5 27. Bc5 Bf8
28. Bb6 a4 29. Ne5 a3 30. Qg4 h5 31. Qg3 Bd6 32. Qh4 Bxe5 33. dxe5 a2 34. Qf6
a1=Q+ 35. Kh2 Qaxe5+ 36. Qxe5 Qxe5+ 37. g3 Rc2 38. Kg2 Qe4+ 39. Kh2 Qf3 0-1

[Event "GBR-ch blitz (Women)"]
[Site "Birmingham"]
[Date "2019.11.16"]
[Round "9"]
[White "Norinkeviciute, Rasa"]
[Black "Head, Louise"]
[Result "0-1"]
[WhiteElo "1946"]
[BlackElo "1844"]
[PlyCount "106"]
[EventDate "2019.11.16"]
[EventType "tourn (blitz)"]
[EventRounds "15"]
[EventCountry "ENG"]
[SourceTitle "BritBase"]
[Source "John Saunders"]
[SourceDate "2024.03.28"]
[SourceVersion "1"]
[SourceVersionDate "2024.03.28"]
[SourceQuality "1"]

1. c4 e5 2. g3 Nf6 3. Bg2 Nc6 4. Nc3 Bc5 5. e3 d6 6. a3 a6 7. Nge2 Ba7 8. d3
O-O 9. O-O Rb8 10. b4 Ne7 11. Nd5 Nfxd5 12. cxd5 c5 13. dxc6 Nxc6 14. Bb2 d5
15. Rc1 Be6 16. h3 f6 17. Kh2 Qd7 18. Qd2 Rbc8 19. Rc2 Rc7 20. Rfc1 Rfc8 21. d4
e4 22. Nf4 Bf7 23. h4 Ne7 24. Bh3 Rxc2 25. Rxc2 Rxc2 26. Qxc2 Qc6 27. Qxc6 bxc6
28. Kg2 f5 29. Kf1 Bb6 30. Bc3 Be8 31. Ke2 Bd7 32. Kd2 h6 33. h5 Kf7 34. Bf1
Bc8 35. Be2 Kf6 36. f3 Bc7 37. fxe4 Bxf4 38. gxf4 fxe4 39. Ke1 Nf5 40. Kf2 Nd6
41. Kg3 Nf5+ 42. Kf2 Nd6 43. Be1 g6 44. hxg6 Kxg6 45. Bf1 h5 46. Be2 Nf5 47.
Bf1 Nd6 48. Kg3 Nf5+ 49. Kf2 Nd6 50. Ke2 Nc4 51. a4 Nb2 52. a5 Nd3 53. Bd2 Bg4#
0-1

[Event "GBR-ch blitz (Women)"]
[Site "Birmingham"]
[Date "2019.11.16"]
[Round "9"]
[White "Sheikh, Samia Zannat"]
[Black "Smith, Madeleine"]
[Result "0-1"]
[WhiteElo "1595"]
[BlackElo "1354"]
[PlyCount "85"]
[EventDate "2019.11.16"]
[EventType "tourn (blitz)"]
[EventRounds "15"]
[EventCountry "ENG"]
[SourceTitle "BritBase"]
[Source "John Saunders"]
[SourceDate "2024.03.28"]
[SourceVersion "1"]
[SourceVersionDate "2024.03.28"]
[SourceQuality "1"]

1. d4 d5 2. c4 e6 3. Nc3 c5 4. e3 cxd4 5. exd4 Nf6 6. Nf3 Nc6 7. Be2 Bb4 8. O-O
O-O 9. Bg5 h6 10. Bxf6 Qxf6 11. cxd5 Bxc3 12. dxc6 bxc6 13. bxc3 Re8 14. Ne5
Qg5 15. Nxc6 Bb7 16. Bf3 Rac8 17. Nb4 Bd5 18. Nxd5 exd5 19. Qb3 Red8 20. Bxd5
Rxd5 21. Rad1 Rd6 22. f4 Qg4 23. Rf3 Rb6 24. Qc2 Rcb8 25. Qe4 Rb2 26. Rff1 Rxa2
27. Qf3 Qg6 28. f5 Qg5 29. Rf2 Rab2 30. Rxb2 Rxb2 31. d5 Rd2 32. Rxd2 Qxd2 33.
c4 Qd4+ 34. Kf1 Qxc4+ 35. Kf2 Qd4+ 36. Kg3 a5 37. h4 a4 38. h5 Qb6 39. Kh3 Qb3
40. d6 Qb5 41. Qe3 Qd7 42. Qe7 Qxf5+ 43. Kh2 0-1

[Event "GBR-ch blitz (Women)"]
[Site "Birmingham"]
[Date "2019.11.16"]
[Round "9"]
[White "Supatan, Dawn"]
[Black "Raghavendra, Mahima"]
[Result "1/2-1/2"]
[WhiteElo "1596"]
[BlackElo "1486"]
[PlyCount "132"]
[EventDate "2019.11.16"]
[EventType "tourn (blitz)"]
[EventRounds "15"]
[EventCountry "ENG"]
[SourceTitle "BritBase"]
[Source "John Saunders"]
[SourceDate "2024.03.28"]
[SourceVersion "1"]
[SourceVersionDate "2024.03.28"]
[SourceQuality "1"]

1. e4 c5 2. Nf3 g6 3. c3 Nc6 4. d4 cxd4 5. cxd4 d6 6. Nc3 Bg7 7. Bb5 Bd7 8. Be3
e6 9. O-O Nf6 10. h3 O-O 11. Qd2 Re8 12. Rfe1 a6 13. Ba4 d5 14. e5 Ne4 15. Nxe4
dxe4 16. Nh2 f5 17. exf6 Qxf6 18. d5 exd5 19. Qxd5+ Be6 20. Qd2 Rad8 21. Qc2
Rc8 22. Qe2 b5 23. Bc2 Bc4 24. Qd2 Red8 25. Qc1 Re8 26. b3 Qxa1 27. Qxa1 Bxa1
28. Rxa1 Bf7 29. Rd1 Rcd8 30. Rxd8 Nxd8 31. Ng4 Re6 32. Kh2 Kf8 33. Kg3 Nc6 34.
a3 h5 35. Nh2 Ne5 36. f3 exf3 37. gxf3 Nc6 38. Bg5 Re2 39. Be4 Bxb3 40. Bxc6
Ra2 41. Bh6+ Ke7 42. Bc1 Kd6 43. Be4 a5 44. Bxg6 Rc2 45. Bf4+ Kd5 46. Bxc2 Bxc2
47. Bc1 b4 48. axb4 axb4 49. Kh4 Bg6 50. Kg5 Be8 51. f4 b3 52. Bb2 Kc4 53. f5
Kd3 54. f6 Kc2 55. Be5 b2 56. Bxb2 Kxb2 57. Nf3 Kc3 58. Kh6 Kd3 59. Kg7 Ke4 60.
Nd2+ Kf4 61. Nf1 h4 62. f7 Bxf7 63. Kxf7 Kf3 64. Kg6 Kg2 65. Ne3+ Kxh3 66. Kh5
Kg3 1/2-1/2

[Event "GBR-ch blitz (Women)"]
[Site "Birmingham"]
[Date "2019.11.16"]
[Round "10"]
[White "Arakhamia-Grant, Ketevan"]
[Black "Gamal, Alaa"]
[Result "1-0"]
[WhiteElo "2218"]
[BlackElo "1709"]
[PlyCount "73"]
[EventDate "2019.11.16"]
[EventType "tourn (blitz)"]
[EventRounds "15"]
[EventCountry "ENG"]
[SourceTitle "BritBase"]
[Source "John Saunders"]
[SourceDate "2024.03.28"]
[SourceVersion "1"]
[SourceVersionDate "2024.03.28"]
[SourceQuality "1"]

1. e4 c5 2. Nf3 g6 3. c4 Bg7 4. d4 cxd4 5. Nxd4 Nc6 6. Be3 d6 7. Nc3 Nf6 8. Be2
O-O 9. O-O a6 10. Rc1 Nxd4 11. Bxd4 Bd7 12. f3 Rb8 13. a4 Qa5 14. Qd2 Rbc8 15.
Rfd1 Qh5 16. f4 Qh4 17. Bf2 Qh6 18. e5 Ne8 19. Nd5 Kh8 20. Nxe7 Rc5 21. Bxc5
dxc5 22. Qxd7 Qxf4 23. Nd5 Qxe5 24. Bf3 Nd6 25. Re1 Qd4+ 26. Kh1 Nxc4 27. Re8
Qxb2 28. Rce1 Ne5 29. Qe7 Rg8 30. Rxg8+ Kxg8 31. Qe8+ Bf8 32. Qxe5 Qd2 33. Nf6+
Kg7 34. Ne4+ f6 35. Qxf6+ Kh6 36. Nxd2 Bg7 37. Qh4# 1-0

[Event "GBR-ch blitz (Women)"]
[Site "Birmingham"]
[Date "2019.11.16"]
[Round "10"]
[White "Head, Louise"]
[Black "Arora, Prachi"]
[Result "1-0"]
[WhiteElo "1844"]
[BlackElo "1577"]
[PlyCount "63"]
[EventDate "2019.11.16"]
[EventType "tourn (blitz)"]
[EventRounds "15"]
[EventCountry "ENG"]
[SourceTitle "BritBase"]
[Source "John Saunders"]
[SourceDate "2024.03.28"]
[SourceVersion "1"]
[SourceVersionDate "2024.03.28"]
[SourceQuality "1"]

1. d4 d5 2. c4 dxc4 3. e3 Nf6 4. Bxc4 Nc6 5. Nf3 Bf5 6. O-O e6 7. a3 Bd6 8. b4
O-O 9. Bb2 Nh5 10. Nbd2 Qf6 11. e4 Bg4 12. e5 Bxf3 13. Nxf3 Qg6 14. exd6 cxd6
15. Bc1 Ne7 16. Bd3 Qf6 17. Bg5 Qxg5 18. Nxg5 Rad8 19. Qxh5 h6 20. Bh7+ Kh8 21.
Nxf7+ Rxf7 22. Qxf7 Ng8 23. Bxg8 Rxg8 24. Qxe6 Kh7 25. Rac1 b6 26. Rc7 a5 27.
Rfc1 axb4 28. axb4 b5 29. Rb7 Kh8 30. Rcc7 d5 31. Qxh6+ gxh6 32. Rh7# 1-0

[Event "GBR-ch blitz (Women)"]
[Site "Birmingham"]
[Date "2019.11.16"]
[Round "10"]
[White "Milewska, Agnieszka"]
[Black "Sheikh, Samia Zannat"]
[Result "0-1"]
[WhiteElo "1677"]
[BlackElo "1595"]
[PlyCount "107"]
[EventDate "2019.11.16"]
[EventType "tourn (blitz)"]
[EventRounds "15"]
[EventCountry "ENG"]
[SourceTitle "BritBase"]
[Source "John Saunders"]
[SourceDate "2024.03.28"]
[SourceVersion "1"]
[SourceVersionDate "2024.03.28"]
[SourceQuality "1"]

1. d4 d6 2. c4 Nf6 3. Nc3 g6 4. Nf3 Bg7 5. Bg5 O-O 6. e4 c5 7. dxc5 dxc5 8.
Bxf6 Qxd1+ 9. Rxd1 Bxf6 10. e5 Bg7 11. Nd5 Nc6 12. g3 Bg4 13. Be2 Bxf3 14. Bxf3
Bxe5 15. b3 e6 16. Ne3 Bc3+ 17. Ke2 Nd4+ 18. Kd3 Bb4 19. Bxb7 Rad8 20. Nc2
Nxb3+ 21. Ke2 Rxd1 22. Rxd1 Na5 23. Ba6 Rb8 24. Rb1 Nc6 25. Bb5 Ne5 26. f4 Ng4
27. h3 Nf6 28. a4 Ne4 29. Kf3 Nd2+ 30. Ke2 Nxb1 31. Nxb4 cxb4 32. Kd3 Nc3 33.
Bc6 a5 34. Bf3 Kf8 35. g4 Ke7 36. f5 gxf5 37. gxf5 exf5 38. h4 Kf6 39. Bc6 Ke5
40. Kc2 Kd4 41. Bg2 f4 42. Bf1 Nxa4 43. Bd3 Nc5 44. Bxh7 b3+ 45. Kb2 Nd3+ 46.
Kb1 Kxc4 47. h5 f3 48. Be4 f2 49. Bg2 Nf4 50. Bf1+ Kc3 51. h6 Rh8 52. h7 Rxh7
53. Kc1 Rh1 54. Kd1 0-1

[Event "GBR-ch blitz (Women)"]
[Site "Birmingham"]
[Date "2019.11.16"]
[Round "10"]
[White "Posadas, Rayelynn"]
[Black "Orlovska, Madara"]
[Result "0-1"]
[WhiteElo "1815"]
[BlackElo "2094"]
[PlyCount "52"]
[EventDate "2019.11.16"]
[EventType "tourn (blitz)"]
[EventRounds "15"]
[EventCountry "ENG"]
[SourceTitle "BritBase"]
[Source "John Saunders"]
[SourceDate "2024.03.28"]
[SourceVersion "1"]
[SourceVersionDate "2024.03.28"]
[SourceQuality "1"]

1. e4 c5 2. Nf3 d6 3. b3 Nf6 4. Nc3 Nc6 5. Bb2 e6 6. d4 cxd4 7. Nxd4 Be7 8. Be2
a6 9. O-O Qc7 10. Qd2 Bd7 11. Rad1 Nxd4 12. Qxd4 Bc6 13. Bd3 O-O-O 14. Ba3 Kb8
15. Na4 e5 16. Qc4 b5 17. Qb4 Ka7 18. Nc3 Rb8 19. Ne2 a5 20. Qd2 b4 21. Bb2 Qb7
22. c3 Bxe4 23. cxb4 Bxd3 24. Qxd3 Qxb4 25. Qe3+ Qb6 26. Qd3 Rhc8 0-1

[Event "GBR-ch blitz (Women)"]
[Site "Birmingham"]
[Date "2019.11.16"]
[Round "10"]
[White "Raghavendra, Mahima"]
[Black "Jina, Asha"]
[Result "1-0"]
[WhiteElo "1486"]
[BlackElo "1510"]
[PlyCount "51"]
[EventDate "2019.11.16"]
[EventType "tourn (blitz)"]
[EventRounds "15"]
[EventCountry "ENG"]
[SourceTitle "BritBase"]
[Source "John Saunders"]
[SourceDate "2024.03.28"]
[SourceVersion "1"]
[SourceVersionDate "2024.03.28"]
[SourceQuality "1"]

1. e4 e6 2. d4 d5 3. Nd2 Nf6 4. e5 Nfd7 5. f4 c5 6. c3 Nc6 7. Ndf3 Qb6 8. Ne2
Be7 9. g3 f6 10. Bg2 fxe5 11. fxe5 Qc7 12. a3 b6 13. Nf4 Nf8 14. Bh3 h5 15. Qd3
Bd7 16. Ng6 Rg8 17. Nxe7 Nxe7 18. Ng5 O-O-O 19. Nf7 Re8 20. Nd6+ Kb8 21. Nxe8
Bxe8 22. Bg5 Bg6 23. Qf3 Be4 24. Qf7 Bxh1 25. Bxe7 Rh8 26. Bd6 1-0

[Event "GBR-ch blitz (Women)"]
[Site "Birmingham"]
[Date "2019.11.16"]
[Round "10"]
[White "Smith, Madeleine"]
[Black "Norinkeviciute, Rasa"]
[Result "0-1"]
[WhiteElo "1354"]
[BlackElo "1946"]
[PlyCount "154"]
[EventDate "2019.11.16"]
[EventType "tourn (blitz)"]
[EventRounds "15"]
[EventCountry "ENG"]
[SourceTitle "BritBase"]
[Source "John Saunders"]
[SourceDate "2024.03.28"]
[SourceVersion "1"]
[SourceVersionDate "2024.03.28"]
[SourceQuality "1"]

1. e4 d6 2. d4 Nf6 3. Nc3 Nbd7 4. e5 dxe5 5. dxe5 Nxe5 6. Qxd8+ Kxd8 7. Bf4 Ng6
8. O-O-O+ Bd7 9. Bg3 c6 10. Nf3 e6 11. Bd3 Bb4 12. Bxg6 hxg6 13. Ne5 Bxc3 14.
Nxf7+ Ke7 15. Nxh8 Bxb2+ 16. Kxb2 Rxh8 17. Rhe1 Rh5 18. Rd3 b6 19. Red1 Be8 20.
Rd8 Nd5 21. Ra8 a5 22. Ra7+ Kf6 23. Re1 Bf7 24. Bd6 Rh4 25. Be7+ Nxe7 26. Re3
Rxh2 27. Rf3+ Nf5 28. Ra6 Ke5 29. Rxb6 Kd5 30. g4 Nd6 31. Rbb3 Kc5 32. Rbc3+
Nc4+ 33. Rxc4+ Kxc4 34. Rxf7 Rg2 35. Rxg7 Rxg4 36. Rf7 e5 37. Rf6 c5 38. f3 Rg2
39. a3 Rg3 40. f4 e4 41. f5 gxf5 42. Rxf5 Rg2 43. Re5 Kd4 44. Re8 e3 45. Kb3
c4+ 46. Kb2 e2 47. Rd8+ Ke3 48. Re8+ Kd2 49. Rd8+ Ke1 50. Kc3 Rg4 51. Re8 Rg3+
52. Kxc4 Rxa3 53. Kb5 Ra2 54. c4 Kd1 55. Rd8+ Rd2 56. Re8 Ra2 57. Rd8+ Ke1 58.
c5 a4 59. c6 a3 60. c7 Rb2+ 61. Ka4 Rc2 62. Kxa3 Rxc7 63. Kb2 Rc6 64. Kb3 Rc5
65. Kb4 Rc1 66. Kb3 Rc6 67. Kb2 Rc4 68. Kb3 Rf4 69. Kc3 Rf3+ 70. Kc2 Kf1 71.
Rh8 e1=Q 72. Rh1+ Ke2 73. Rxe1+ Kxe1 74. Kb2 Kd2 75. Kb1 Rb3+ 76. Ka2 Kc2 77.
Ka1 Ra3# 0-1

[Event "GBR-ch blitz (Women)"]
[Site "Birmingham"]
[Date "2019.11.16"]
[Round "10"]
[White "Somton, Anita"]
[Black "Mirza, Diana"]
[Result "1-0"]
[WhiteElo "1593"]
[BlackElo "1772"]
[PlyCount "71"]
[EventDate "2019.11.16"]
[EventType "tourn (blitz)"]
[EventRounds "15"]
[EventCountry "ENG"]
[SourceTitle "BritBase"]
[Source "John Saunders"]
[SourceDate "2024.03.28"]
[SourceVersion "1"]
[SourceVersionDate "2024.03.28"]
[SourceQuality "1"]

1. d4 Nf6 2. Nf3 g6 3. c4 Bg7 4. Nc3 O-O 5. e4 d6 6. Be2 Nc6 7. O-O e5 8. d5
Ne7 9. b4 a5 10. b5 Nh5 11. Be3 Nf4 12. c5 Nxe2+ 13. Qxe2 f5 14. cxd6 Qxd6 15.
Rac1 fxe4 16. Nxe4 Qxd5 17. Bc5 Nf5 18. Bxf8 Bxf8 19. Rfd1 Qf7 20. Neg5 Qe7 21.
Qxe5 Qxe5 22. Nxe5 Bg7 23. Nef3 h6 24. Ne4 Be6 25. Rd2 Rc8 26. Nc5 Bf7 27. Nxb7
a4 28. Nc5 a3 29. Na6 Bb2 30. Rxc7 Rxc7 31. Nxc7 Bxa2 32. b6 Bb1 33. Rxb2 axb2
34. b7 Kf7 35. b8=Q Be4 36. Qxb2 1-0

[Event "GBR-ch blitz (Women)"]
[Site "Birmingham"]
[Date "2019.11.16"]
[Round "10"]
[White "Toma, Katarzyna"]
[Black "Supatan, Dawn"]
[Result "1-0"]
[WhiteElo "2210"]
[BlackElo "1596"]
[PlyCount "47"]
[EventDate "2019.11.16"]
[EventType "tourn (blitz)"]
[EventRounds "15"]
[EventCountry "ENG"]
[SourceTitle "BritBase"]
[Source "John Saunders"]
[SourceDate "2024.03.28"]
[SourceVersion "1"]
[SourceVersionDate "2024.03.28"]
[SourceQuality "1"]

1. e4 e5 2. Nf3 Nc6 3. Bb5 Nf6 4. Qe2 Bc5 5. c3 a6 6. Ba4 Ba7 7. Bxc6 dxc6 8.
Nxe5 O-O 9. Nf3 Bg4 10. d3 h6 11. O-O Qe7 12. Be3 c5 13. Nbd2 Rfe8 14. h3 Bh5
15. Rfe1 Rad8 16. Nf1 Bxf3 17. gxf3 Nh7 18. Ng3 Ng5 19. Kg2 Qe6 20. Nf5 Kh7 21.
h4 g6 22. hxg5 gxf5 23. Rh1 Kg6 24. Rxh6+ 1-0

[Event "GBR-ch blitz (Women)"]
[Site "Birmingham"]
[Date "2019.11.16"]
[Round "11"]
[White "Arora, Prachi"]
[Black "Smith, Madeleine"]
[Result "0-1"]
[WhiteElo "1577"]
[BlackElo "1354"]
[PlyCount "55"]
[EventDate "2019.11.16"]
[EventType "tourn (blitz)"]
[EventRounds "15"]
[EventCountry "ENG"]
[SourceTitle "BritBase"]
[Source "John Saunders"]
[SourceDate "2024.03.28"]
[SourceVersion "1"]
[SourceVersionDate "2024.03.28"]
[SourceQuality "1"]

1. e4 e5 2. Nf3 Nc6 3. Nc3 Nf6 4. Bc4 Bc5 5. Ng5 O-O 6. O-O h6 7. Nf3 d6 8. d3
Bg4 9. Be3 Bb6 10. h3 Bh5 11. Qe2 Re8 12. Rad1 Bd4 13. Bxd4 Nxd4 14. Qe3 Nxf3+
15. gxf3 Qd7 16. Kh2 Bg6 17. Rg1 Nh5 18. Rxg6 Nf4 19. Rg3 h5 20. Rdg1 Kh8 21.
Nd5 Ng6 22. f4 c6 23. Nc3 exf4 24. Qf3 fxg3+ 25. Qxg3 Qe7 26. Qf3 Qe5+ 27. Kh1
Rf8 28. d4 0-1

[Event "GBR-ch blitz (Women)"]
[Site "Birmingham"]
[Date "2019.11.16"]
[Round "11"]
[White "Gamal, Alaa"]
[Black "Posadas, Rayelynn"]
[Result "0-1"]
[WhiteElo "1709"]
[BlackElo "1815"]
[PlyCount "118"]
[EventDate "2019.11.16"]
[EventType "tourn (blitz)"]
[EventRounds "15"]
[EventCountry "ENG"]
[SourceTitle "BritBase"]
[Source "John Saunders"]
[SourceDate "2024.03.28"]
[SourceVersion "1"]
[SourceVersionDate "2024.03.28"]
[SourceQuality "1"]

1. c4 g6 2. g3 Bg7 3. Bg2 Nf6 4. Nc3 d6 5. e3 e5 6. Nge2 Nbd7 7. d4 O-O 8. O-O
c6 9. d5 c5 10. a3 a6 11. Rb1 Nb6 12. b3 Nfd7 13. Bb2 f5 14. f4 e4 15. Na2 Bxb2
16. Rxb2 Qf6 17. Nac3 Rb8 18. Qc2 Na8 19. Na4 b5 20. cxb5 axb5 21. Nac3 Ba6 22.
b4 Nab6 23. Rd1 Nc4 24. Ra2 Nxe3 25. Qb3 Nxd1 26. Nxd1 c4 27. Qc2 Nb6 28. Nec3
Qd4+ 29. Kh1 Nxd5 30. Nxd5 Qxd5 31. Ne3 Qd3 32. Qf2 Rfd8 33. Bf1 Qb3 34. Ra1 d5
35. Nc2 Rbc8 36. Nd4 Qc3 37. Ra2 e3 38. Ne2 Qb3 39. Nd4 Qc3 40. Ne2 exf2 41.
Nxc3 d4 42. Ne2 d3 43. Nc3 d2 44. Be2 f1=Q+ 45. Bxf1 d1=Q 46. Nxd1 Rxd1 47. Kg2
Rcd8 48. Be2 R8d2 49. Kf3 Rxa2 50. Bxd1 Rxh2 51. Ke3 Bb7 52. Kd4 Rd2+ 53. Kc5
Rxd1 54. Kxb5 Ra1 55. a4 Bc6+ 56. Kxc4 Rxa4 57. Kc5 Bf3 58. b5 Ra5 59. Kb6
Rxb5+ 0-1

[Event "GBR-ch blitz (Women)"]
[Site "Birmingham"]
[Date "2019.11.16"]
[Round "11"]
[White "Mirza, Diana"]
[Black "Head, Louise"]
[Result "1-0"]
[WhiteElo "1772"]
[BlackElo "1844"]
[PlyCount "103"]
[EventDate "2019.11.16"]
[EventType "tourn (blitz)"]
[EventRounds "15"]
[EventCountry "ENG"]
[SourceTitle "BritBase"]
[Source "John Saunders"]
[SourceDate "2024.03.28"]
[SourceVersion "1"]
[SourceVersionDate "2024.03.28"]
[SourceQuality "1"]

1. d4 d5 2. Nf3 Nf6 3. e3 c5 4. Bd3 cxd4 5. exd4 Nc6 6. O-O g6 7. b3 Bg7 8. Bb2
O-O 9. Nbd2 Nb4 10. Be2 Bf5 11. c4 Bd3 12. a3 Bxe2 13. Qxe2 Nc6 14. Ne5 dxc4
15. Nxc6 bxc6 16. bxc4 Rb8 17. Rab1 Qd7 18. Rfe1 e6 19. Nf3 Ne8 20. Ne5 Qc7 21.
Qf3 c5 22. Nc6 Rb6 23. Ne5 Nd6 24. dxc5 Qxc5 25. Nd7 Qxc4 26. Nxb6 axb6 27.
Bxg7 Kxg7 28. Rxb6 Nf5 29. Qb3 Qc5 30. Qb2+ Kg8 31. Rb5 Qd6 32. Qe5 Qd2 33. h3
h5 34. a4 Rc8 35. Qe2 Qd6 36. Qe5 Qa6 37. Ra5 Qb6 38. Rb5 Qa6 39. Ra5 Qb6 40.
Qb5 Qd6 41. Ra7 Nd4 42. Qd7 Qxd7 43. Rxd7 Nb3 44. Rb1 Na5 45. Rb5 Rc1+ 46. Kh2
Nc6 47. Rc7 Rc2 48. Rb6 Nd4 49. Rxc2 Nxc2 50. a5 Na3 51. a6 Nc4 52. Rb8+ 1-0